emails i can't send (fwd)-Album (Sabrina Carpenter) - Statistics

General Stats
  • This quiz has been taken 139 times
  • The average score is 13 of 17
Answer Stats
Hint Answer % Correct
1. emails i can't send
98%
15. fwd: Feather
96%
5. because i liked a boy
89%
9. Nonsense
88%
4. Tornado Warnings
88%
2. Vicious
86%
3. Read your Mind
80%
14. fwd: opposite
78%
10. Fast Times
77%
11. skinny dipping
76%
13. decode
75%
16. fwd: Lonesome
74%
17. fwd: things i wish you said
73%
8. bet u wanna
69%
6. Already Over
66%
7. how many things
65%
12. Bad for Business
64%
No matching quizzes found
Score Distribution
Percent of People with Each Score
Percentile by Number Answered
Your Score History
You have not taken this quiz